[Event "Hong Kong-ch prel"]
[Site "Hong Kong"]
[Date "2015.02.09"]
[Round "6"]
[White "Bong, James"]
[Black "Chow, Po Wing William"]
[Result "1-0"]
[WhiteElo "1600"]
[BlackElo "1400"]
[PlyCount "85"]
[EventDate "2015.01.05"]
[EventType "swiss"]
[EventRounds "9"]
[EventCountry "HKG"]
[SourceTitle "EXT 2016"]
[Source "ChessBase"]
[SourceDate "2015.10.08"]
[SourceVersion "1"]
[SourceVersionDate "2015.10.08"]
[SourceQuality "1"]

1. e4 e5 2. c4 Nf6 3. d3 Nc6 4. a3 Nd4 5. Nf3 c5 6. Nxe5 d6 7. Nf3 g6 8. Nxd4 cxd4 9. Bg5 Bg7 10. f4 0-0 11. b4 Re8 12. Be2 Qb6 13. Nd2 Bd7 14. 0-0 Rac8 15. h3 a6 16. Qb3 Qc6 17. Bf3 Qc7 18. Rac1 b5 19. cxb5 Qxc1 20. Rxc1 Rxc1+ 21. Kh2 Rc3 22. Qb1 Bxb5 23. Be2 Rec8 24. Bxf6 Bxf6 25. Nc4 Rd8 26. Nb6 Bc6 27. a4 Rb8 28. a5 Bd8 29. Nc4 Bc7 30. Qg1 Rxb4 31. Qxd4 Rc2 32. Bd1 Rc1 33. Bf3 Bb5 34. Qa7 d5 35. Qxc7 dxc4 36. e5 Rb3 37. Bd5 Be8 38. e6 fxe6 39. Bxe6+ Kf8 40. Qd6+ Kg7 41. Qe7+ Kh6 42. Qf8+ Kh5 43. Bg4+ 1-0

[Event "Hong Kong-ch prel"]
[Site "Hong Kong"]
[Date "2015.01.05"]
[Round "1"]
[White "Scott, Ian"]
[Black "Bong, James"]
[Result "1-0"]
[WhiteElo "1671"]
[BlackElo "1600"]
[PlyCount "81"]
[EventDate "2015.01.05"]
[EventType "swiss"]
[EventRounds "9"]
[EventCountry "HKG"]
[SourceTitle "EXT 2016"]
[Source "ChessBase"]
[SourceDate "2015.10.08"]
[SourceVersion "1"]
[SourceVersionDate "2015.10.08"]
[SourceQuality "1"]

1. e4 e6 2. f4 b6 3. Nf3 Bb7 4. d3 Be7 5. Nc3 Bh4+ 6. g3 Be7 7. Bg2 Bb4 8. 0-0 Bxc3 9. bxc3 Ne7 10. c4 d6 11. Bb2 0-0 12. Qe1 Nd7 13. g4 Ng6 14. Qg3 Nh8 15. g5 f6 16. h4 Qe7 17. Rae1 Rad8 18. f5 e5 19. Bc1 Bc6 20. Bh3 Nf7 21. g6 Nh6 22. h5 Kh8 23. Nh4 Rb8 24. gxh7 Qf7 25. Ng6+ Kxh7 26. Kh2 Rg8 27. Rg1 b5 28. cxb5 Bxb5 29. Rg2 Nc5 30. c4 Be8 31. Reg1 Rb6 32. Be3 Rb7 33. Bxc5 dxc5 34. Qe3 c6 35. Qxc5 Rd7 36. Rd2 Rd4 37. Rb1 Qd7 38. Rbd1 Qb7 39. Qa3 Bxg6 40. fxg6+ Kh8 41. Rb2 1-0